=LDR 00000nam 2200000 4500 =001 000977 =005 20250712021037 =035 ##$$a 0010-0725000856 =007 ta =008 250712################a##########0#ind## =020 ##$$a 978-623-307-726-2 =082 ##$$a 398.209 598 =084 ##$$a 398.209 598 MON s =100 #$$a Montenegro salvacion =245 1#$$a Siapa guruku? /$c Salvation c. Montenegro =250 ##$$a Cetakan pertama =260 ##$$a Rawamangun :$b Badan pengembangan dan pembinaan bahasa,$c 2022 =300 ##$$a 12 hlm. : $b Ilus. ; $c 22,9 cm. =650 #4$$a Cerita anak indonesia-terjemahan =650 #4$$a Literasi-bahan bacaan